Europa Universalis IV : Dirigeants des écrans de chargement - Statistiques

Statistiques générales
  • Ce quiz a été pris 65 fois
  • Le résultat moyen est 11 sur 36
Statistiques - réponses
Par images Réponse % Correct
Louis XIV
94%
Napoléon Ier
90%
Elizabeth Ière
86%
Charles Quint
80%
Pierre Ier le Grand
78%
Soliman le Magnifique
73%
Catherine II la Grande
71%
Mehmet II
59%
Frédéric II le Grand
47%
Isabelle Ière
41%
Philippe II
41%
Gustave II Adolphe
39%
Moctezuma II
37%
Henri le Navigateur
33%
Barberousse
31%
Oda Nobunaga
31%
Maurice de Nassau
27%
Casimir IV Jagellon
20%
Matthias Corvin
20%
Oliver Cromwell
20%
Pachacútec
20%
Andrea Gritti
18%
Jean III Sobieski
14%
Charles XII
12%
Dowager Xiaozhuang Qing
10%
Abbas Ier
8%
Akbar Ier le Grand
8%
Frédéric V du Palatinat
8%
Hiawatha
8%
Jules II
8%
Christian IV
6%
Ismail Ier
6%
Ivan Sirko
2%
Nourhatchi
2%
Hayam Wuruk
0%
Nzingha Mbande
0%
Aucun quiz correspondant
Distribution des résultats
% des personnes avec chaque résultat
Percentile par nombre de réponses
Votre historique - résultats
Vous n’avez pas pris ce quiz